Alexa Neri : (Registro nro. 4269)
[ vista simple ]
| 000 -LEADER | |
|---|---|
| fixed length control field | 00910nam a2200229Ia 4500 |
| 003 - CONTROL NUMBER IDENTIFIER | |
| control field | OSt |
| 005 - DATE AND TIME OF LATEST TRANSACTION | |
| control field | 20250421164356.0 |
| 008 - FIXED-LENGTH DATA ELEMENTS--GENERAL INFORMATION | |
| fixed length control field | 191128s2012 ck er 000 f spa d |
| 020 ## - INTERNATIONAL STANDARD BOOK NUMBER | |
| International Standard Book Number | 9789587583823 |
| 040 ## - CATALOGING SOURCE | |
| Original cataloging agency | CO-JMCR |
| Transcribing agency | CO-JMCR |
| 041 ## - LANGUAGE CODE | |
| Language code of text/sound track or separate title | spa |
| 082 04 - DEWEY DECIMAL CLASSIFICATION NUMBER | |
| Classification number | A-N |
| Item number | RESa |
| 100 1# - MAIN ENTRY--PERSONAL NAME | |
| Personal name | Restrepo, Carmen, |
| Relator term | autor |
| 9 (RLIN) | 7874 |
| 245 10 - TITLE STATEMENT | |
| Title | Alexa Neri : |
| Remainder of title | y la amenaza de las sombras / |
| Statement of responsibility, etc. | Carmen Restrepo |
| 250 ## - EDITION STATEMENT | |
| Edition statement | Primera edición |
| 260 ## - PUBLICATION, DISTRIBUTION, ETC. | |
| Place of publication, distribution, etc. | Bogotá : |
| Name of publisher, distributor, etc. | Alfaguara, |
| Date of publication, distribution, etc. | 2012 |
| 300 ## - PHYSICAL DESCRIPTION | |
| Extent | 189 páginas ; |
| Dimensions | 24 cm. |
| 500 ## - GENERAL NOTE | |
| General note | Recomendado para mayores de 14 años. |
| 520 ## - SUMMARY, ETC. | |
| Summary, etc. | Alexa nació en NY y ahora tiene 17 años. Anthony, su padre, decide que, tras la separación de su esposa,NY no es el mejor lugar para criar a sus dos hijos. Viaja a Italia a buscar sus raíces pues sabe que allí, en la Toscana, tiene a una vieja tía suya |
| 650 14 - SUBJECT ADDED ENTRY--TOPICAL TERM | |
| Topical term or geographic name entry element | Novela colombiana |
| General subdivision | siglo XXI |
| 9 (RLIN) | 7875 |
| 942 ## - ADDED ENTRY ELEMENTS (KOHA) | |
| Source of classification or shelving scheme | Dewey Decimal Classification |
| Koha item type | Books |
| Withdrawn status | Lost status | Source of classification or shelving scheme | Damaged status | Not for loan | Collection code | Home library | Current library | Date acquired | Source of acquisition | Total Checkouts | Full call number | Barcode | Date last seen | Date last checked out | Copy number | Koha item type |
|---|---|---|---|---|---|---|---|---|---|---|---|---|---|---|---|---|
| Dewey Decimal Classification | Fiction | Biblioteca Pública José María del Castillo y Rada | Biblioteca Pública José María del Castillo y Rada | 11/28/2019 | Donación | 2 | A-N RESa | 201809104 | 06/04/2025 | 06/03/2025 | Ej.1 | Books |